Normal view
MARC view
- Ali, Salwa
Entry Personal Name
001 - CONTROL NUMBER
- control field: 124401
003 - CONTROL NUMBER IDENTIFIER
- control field: NUST
005 - DATE AND TIME OF LATEST TRANSACTION
- control field: 20240711095123.0
008 - FIXED-LENGTH DATA ELEMENTS
- fixed length control field: 240711|| aca||aabn | a|a d
040 ## - CATALOGING SOURCE
- Original cataloging agency: NUST
- Transcribing agency: NUST
100 ## - HEADING--PERSONAL NAME
- Personal name: Ali, Salwa
670 ## - SOURCE DATA FOUND
- Source citation: Work cat.: (NUST): Ali, Salwa , Identifying Neurophysiological Correlates of Frontotemporal Dementia: Resting State EEG and Phase Synchronization Analysis /
